Calculation skills for nurses / (Record no. 6227)
[ view plain ]
| 000 -LEADER | |
|---|---|
| fixed length control field | 00739cam a2200217 i 4500 |
| 005 - DATE AND TIME OF LATEST TRANSACTION | |
| control field | 20260630173331.0 |
| 008 - FIXED-LENGTH DATA ELEMENTS--GENERAL INFORMATION | |
| fixed length control field | 260630b |||||||| |||| 00| 0 eng d |
| 020 ## - INTERNATIONAL STANDARD BOOK NUMBER | |
| International Standard Book Number | 9781119808121 |
| 040 ## - CATALOGING SOURCE | |
| Original cataloging agency | KABLIB |
| Language of cataloging | eng |
| Transcribing agency | KABLIB |
| Description conventions | rda |
| 082 00 - DEWEY DECIMAL CLASSIFICATION NUMBER | |
| Classification number | 615.1 |
| Edition number | 23 |
| Item number | BOY |
| 100 1# - MAIN ENTRY--PERSONAL NAME | |
| Personal name | Boyd, Claire. |
| 9 (RLIN) | 4370 |
| 245 10 - TITLE STATEMENT | |
| Title | Calculation skills for nurses / |
| Statement of responsibility, etc. | Claire Boyd |
| 250 ## - EDITION STATEMENT | |
| Edition statement | 2nd ed. |
| 264 #1 - PRODUCTION, PUBLICATION, DISTRIBUTION, MANUFACTURE, AND COPYRIGHT NOTICE | |
| Place of production, publication, distribution, manufacture | Chichester, West Sussex, UK ; |
| -- | Hoboken, New Jersey : |
| Name of producer, publisher, distributor, manufacturer | John Wiley & Sons, Ltd, |
| Date of production, publication, distribution, manufacture, or copyright notice | c2013. |
| 300 ## - PHYSICAL DESCRIPTION | |
| Extent | xvii, 248 p. : |
| Other physical details | col. ill. ; |
| Dimensions | 22 cm. |
| 490 0# - SERIES STATEMENT | |
| Series statement | Student survival skills series |
| 504 ## - BIBLIOGRAPHY, ETC. NOTE | |
| Bibliography, etc. note | Includes bibliographical references, index. |
| 650 #0 - SUBJECT ADDED ENTRY--TOPICAL TERM | |
| Topical term or geographic name entry element | Nursing |
| General subdivision | Mathematics. |
| 9 (RLIN) | 15843 |
| 650 #0 - SUBJECT ADDED ENTRY--TOPICAL TERM | |
| Topical term or geographic name entry element | Pharmaceutical arithmetic. |
| 9 (RLIN) | 4734 |
| 942 ## - ADDED ENTRY ELEMENTS (KOHA) | |
| Source of classification or shelving scheme | Dewey Decimal Classification |
| Koha item type | Book |
| Withdrawn status | Lost status | Source of classification or shelving scheme | Damaged status | Not for loan | Home library | Current library | Shelving location | Date acquired | Source of acquisition | Total Checkouts | Full call number | Barcode | Date last seen | Price effective from | Koha item type |
|---|---|---|---|---|---|---|---|---|---|---|---|---|---|---|---|
| Dewey Decimal Classification | School of Medicine Library | School of Medicine Library | Open Access Section | 30.06.2026 | Purchased | 615.1 BOY | 14871 | 30.06.2026 | 30.06.2026 | Book | |||||
| Dewey Decimal Classification | School of Medicine Library | School of Medicine Library | Open Access Section | 30.06.2026 | Purchased | 615.1 BOY | 14872 | 30.06.2026 | 30.06.2026 | Book | |||||
| Dewey Decimal Classification | School of Medicine Library | School of Medicine Library | Open Access Section | 30.06.2026 | Purchased | 615.1 BOY | 14873 | 30.06.2026 | 30.06.2026 | Book |